| 000 | 00697cab a2200241 4500 | ||
|---|---|---|---|
| 001 | WB3145-01 | ||
| 008 | 090401t1995 xxu||||| |||| 00| 0 eng d | ||
| 035 | _a(Sirsi) u40640 | ||
| 041 | _aeng | ||
| 245 | _aBovis builds on management skills | ||
| 260 | _c1995 | ||
| 350 | _a0 | ||
| 490 |
_aSunday Telegraph _vBusiness, 26 November 1995, 6(1) |
||
| 520 | _aLooks at the success of Bovis Construction through the eyes of its chairman Sir Frank Lampl. | ||
| 650 | _aBOVIS CONSTRUCTION | ||
| 650 | _aCONSTRUCTION COMPANIES | ||
| 650 |
_aCONSTRUCTION MANAGEMENT _96230 |
||
| 650 | _aP&O | ||
| 650 | _aSIR FRANK LAMPL | ||
| 690 | _aBUILT ENVIRONMENT | ||
| 942 | _n0 | ||
| 948 | _c04/03/1997 | ||
| 999 |
_c26041 _d26041 |
||